000 01628nam a2200481 i 4500
001 48873
003 KOSZ 005
005 20220331132632.0
008 041007s2004 pl a |001 0 pol
015 _aUWD 2004/19598
020 _a8371932561
035 _a991024849999705066
035 _a(PL-WaBN)b1678358x-48omnis_nlop
035 _ab1678358x
035 _a(OCoLC)749196064
035 _azz2004792608
035 _a(PL)b0000001678358
035 _a(EXLNZ-48OMNIS_NETWORK)9910355718805606
040 _aWA N
_cWA N
_dKOSZ 005/HR
046 _k2004
080 _a628.4
080 _a(075.8)
100 1 _aGirczys, Janusz
_eAutor
245 1 0 _aProcesy utylizacji odpadów stałych /
_cJanusz Girczys.
260 _aCzęstochowa :
_bWydawnictwa PC,
_c2004.
300 _a199 s. :
_bfot. kolor., rys., tab., wykr. ;
_c24 cm.
336 _aTekst
_btxt
_2rdacontent
337 _aBez urządzenia pośredniczącego
_bn
_2rdamedia
338 _aWolumin
_bnc
_2rdacarrier
380 _aKsiążki
388 _a2001-
490 1 _aMonografie / Politechnika Częstochowska,
_x0860-5017 ;
_vnr 100
504 _aBibliogr. s. 185-197. Indeks.
650 7 _aOdpady
_2DBN
650 7 _aRecykling
655 7 _aPodręczniki akademickie
_2DBN
658 _aInżynieria i technika
710 2 _aWydawnictwo Politechniki Częstochowskiej
_4pbl
830 0 _aMonografie - Politechnika Częstochowska
_vnr 100
856 _uhttp://koha.tu.koszalin.pl/cgi-bin/koha/opac-detail.pl?biblionumber=46873
_yKatalog online BPK
942 _2UKD
_cKS
999 _c46873
_d46873